[Event "XVIII Najdorf Open 2018"]
[Site "Warsaw"]
[Date "2018.07.11"]
[Round "4"]
[White "Kowalczyk, Rafal"]
[Black "Buksa, Nataliya"]
[Result "0-1"]
[WhiteElo "2209"]
[BlackElo "2337"]
[Annotator "NA"]
[PlyCount "174"]
[EventDate "2018.07.08"]
[EventCountry "POL"]
[SourceTitle "playchess.com"]
[Source "ChessBase"]
[SourceQuality "1"]

1. e4 e5 2. Nf3 Nc6 3. Bb5 a6 4. Ba4 Nf6 5. O-O Nxe4 6. d4 b5 7. Bb3 d5 8. dxe5 Be6 9. c3 Be7 10. Bc2 Bg4 {C83: Spanische Partie (Offene Verteidigung/Hauptvariante)} (10... O-O 11. Nbd2 f5 12. Nb3 Qd7 13. Nbd4 Nd8 14. Bb3 c6 15. a4 b4 16. cxb4 Bxb4 17. Bg5 Kh8 18. Rc1 c5 19. Nxe6 Nxe6 20. Bxd5 N4xg5 21. Bxa8 Qxd1 22. Rfxd1 Rxa8 23. Nxg5 Nxg5 {0-1 (41) Bruzon Batista,L (2664)-Anton Guijarro,D (2646) Havana 2018}) 11. h3 Bxf3 12. gxf3 Nc5 13. f4 g6 14. Qf3 Qd7 15. Rd1 Rd8 16. b4 Na4 17. Bb3 Nb6 18. Be3 Nc4 $146 19. Nd2 Qe6 20. a4 O-O 21. axb5 axb5 22. Nxc4 bxc4 23. Bc2 Bh4 24. Bc5 Be7 25. Be3 Bh4 26. b5 Ne7 27. Qg4 Qxg4+ 28. hxg4 f6 29. Kg2 fxe5 30. fxe5 Ra8 31. f4 Rxa1 32. Rxa1 d4 33. Bxd4 Rxf4 34. Kh3 Bg5 35. Ra4 Nd5 36. Bd1 Rf1 37. Bc2 Nxc3 38. Rxc4 Nxb5 39. Rb4 Nxd4 40. Rxd4 Kf8 41. Rd7 c5 42. Kg2 Re1 43. Bb3 Re2+ 44. Kf1 Re3 45. Bc4 Be7 ({But not} 45... Rxe5 $6 46. Rf7+ Ke8 47. Rxh7 $11) 46. Rd5 Re4 47. Be2 Kf7 48. Bd1 Ke6 49. Rd3 Kxe5 50. Rh3 Rf4+ 51. Ke1 Rf7 52. Bb3 Rg7 53. Ke2 Kf4 54. Be6 Bf6 55. Kd3 Bd4 56. Kc4 Re7 57. Bc8 Kg5 58. Rh2 h6 59. Kd5 (59. Ra2 $17 {is a better defense.}) 59... Re5+ 60. Kc4 Re4 61. Kd3 Re8 62. Bb7 Re3+ 63. Kc4 Rc3+ 64. Kd5 Bg1 65. Rg2 Rc1 66. Ba6 Kf4 67. Bd3 $19 (67. Bc8 $142) 67... g5 68. Re2 Kxg4 69. Re6 h5 70. Re4+ Kh3 71. Re5 Kh4 72. Bg6 Bd4 73. Re7 Rh1 74. Bxh5 Kg3 75. Bg6 g4 76. Ra7 Rf1 77. Be4 Rf4 78. Ra3+ Kh2 79. Ra2+ Rf2 80. Ra6 Rf4 81. Rh6+ Kg1 82. Rh4 Kf2 83. Rh2+ Ke3 84. Rh1 Rxe4 85. Re1+ Kf3 86. Rxe4 g3 87. Re8 g2 0-1

[Event "XVIII Najdorf Open 2018"]
[Site "Warsaw"]
[Date "2018.07.11"]
[Round "4"]
[White "Mulet, Piotr"]
[Black "Bartel, Michal"]
[Result "0-1"]
[WhiteElo "2202"]
[BlackElo "2360"]
[Annotator "NA"]
[PlyCount "90"]
[EventDate "2018.07.08"]
[EventCountry "POL"]
[SourceTitle "playchess.com"]
[Source "ChessBase"]
[SourceQuality "1"]

1. c4 e5 2. Nc3 d6 3. Nf3 f5 4. d4 e4 5. Ng5 h6 6. Nh3 g5 7. g3 Bg7 8. Bg2 Nc6 9. e3 Nf6 10. f3 exf3 11. Bxf3 g4 12. Bxc6+ bxc6 13. Nf4 O-O 14. O-O Rb8 15. Rb1 Qe8 16. Qc2 Nh7 17. Bd2 Ng5 18. b3 h5 19. h4 Nf3+ 20. Kg2 Bb7 21. Rbd1 Rd8 22. Qd3 Rd7 23. Qe2 c5 24. d5 Re7 25. Kf2 Bc8 26. Qd3 Qf7 27. Nb5 a6 28. Na7 Bd7 29. Nc6 Re4 30. Bc1 Rfe8 31. Kg2 Bh6 32. Rxf3 gxf3+ 33. Kxf3 Qg7 34. Kf2 Qg4 35. Ng2 f4 36. gxf4 Qh3 37. Rg1 Bg4 38. Ne5 R4xe5 39. fxe5 Rf8+ 40. Nf4 Rxf4+ 41. Ke1 Qxh4+ 42. Kd2 Qf2+ 43. Kc3 Qxg1 44. Qg6+ Bg7 45. exf4 Qxc1+ 0-1

[Event "XVIII Najdorf Open 2018"]
[Site "Warsaw"]
[Date "2018.07.11"]
[Round "4"]
[White "Kubicka, Anna"]
[Black "Deszczynski, Adam"]
[Result "1/2-1/2"]
[WhiteElo "2172"]
[BlackElo "2345"]
[Annotator "ChessBase"]
[PlyCount "100"]
[EventDate "2018.07.08"]
[EventCountry "POL"]
[SourceTitle "playchess.com"]
[Source "ChessBase"]
[SourceQuality "1"]

1. e4 e5 2. Nf3 Nc6 3. Bb5 a6 4. Ba4 g6 5. c3 d6 6. O-O Bd7 7. d4 Bg7 8. Re1 Nge7 9. d5 Nb8 10. c4 O-O 11. Nc3 Bxa4 12. Nxa4 Nd7 13. Be3 h6 14. Nd2 c5 15. dxc6 bxc6 16. Nb3 Nf6 17. f3 Kh7 18. Qd2 Re8 19. Red1 d5 20. cxd5 cxd5 21. Nb6 dxe4 22. Nxa8 Qxa8 23. fxe4 Nxe4 24. Qe2 Nf5 25. Rd7 Re7 26. Rxe7 Nxe7 27. Rd1 Nf5 28. Nc5 Nxc5 29. Bxc5 Qc6 30. Bf2 e4 31. Re1 Nd6 32. Be3 Nf5 33. Bf2 Nd6 34. Bg3 f5 35. Bxd6 Qxd6 36. Kh1 a5 37. b3 h5 38. Rd1 Qe5 39. g3 Qc3 40. Kg2 Bd4 41. Rd2 h4 42. Rc2 Qa1 43. Rc7+ Kh6 44. Qd2+ e3 45. Qe2 Qb1 46. Qf3 Qxa2+ 47. Kh3 Qf2 48. Qxf2 exf2 49. Kg2 hxg3 50. hxg3 Kg5 1/2-1/2

[Event "XVIII Najdorf Open 2018"]
[Site "Warsaw"]
[Date "2018.07.11"]
[Round "4"]
[White "Sanz Losada, Victoriano"]
[Black "Chylewski, Patryk"]
[Result "0-1"]
[WhiteElo "2091"]
[BlackElo "2335"]
[Annotator "ChessBase"]
[PlyCount "108"]
[EventDate "2018.07.08"]
[EventCountry "POL"]
[SourceTitle "playchess.com"]
[Source "ChessBase"]
[SourceQuality "1"]

1. d4 d5 2. c4 e6 3. Nc3 a6 4. cxd5 exd5 5. Nf3 Nf6 6. Bg5 Be6 7. e3 Nbd7 8. Bd3 Bd6 9. Qc2 c6 10. O-O-O Qc7 11. Kb1 O-O-O 12. Rc1 Kb8 13. Nd2 h6 14. Bh4 g5 15. Bg3 Nb6 16. Nb3 Bxg3 17. hxg3 Nfd7 18. Nc5 Nxc5 19. dxc5 Nd7 20. Ne2 h5 21. Nd4 Ne5 22. Be2 Bg4 23. f4 Bxe2 24. Qxe2 Ng4 25. Rc3 Nf6 26. Rb3 Ka8 27. Nxc6 Qxc6 28. Rb6 Qxc5 29. Rxf6 gxf4 30. gxf4 Qe7 31. Rb6 Qe4+ 32. Ka1 d4 33. Rb3 dxe3 34. Rxe3 Qxf4 35. Rf3 Qg4 36. Qf1 Rd2 37. Rxf7 Qb4 38. Qf6 Rhd8 39. Rc1 Rd1 40. Qg5 Qc4 41. Rf1 Rxf1 42. Qxd8+ Ka7 43. Rb1 Rxb1+ 44. Kxb1 Qf1+ 45. Kc2 Qxg2+ 46. Kc3 Qf3+ 47. Kc4 Qe4+ 48. Kc3 h4 49. Qg5 Qe1+ 50. Kc4 Qe6+ 51. Kd3 Qd6+ 52. Ke2 h3 53. Kf3 Qc6+ 54. Ke2 h2 0-1

[Event "XVIII Najdorf Open 2018"]
[Site "Warsaw"]
[Date "2018.07.11"]
[Round "4"]
[White "Majek, Kacper"]
[Black "Warakomska, Anna"]
[Result "0-1"]
[WhiteElo "2088"]
[BlackElo "2342"]
[Annotator "TA"]
[PlyCount "100"]
[EventDate "2018.07.08"]
[EventCountry "POL"]
[SourceTitle "playchess.com"]
[Source "ChessBase"]
[SourceQuality "1"]

{[%evp 19,100,-32,-17,-25,0,-5,0,0,0,0,0,-8,-18,-35,-48,-42,-35,-57,-54,-83,-73,-70,-79,-83,-57,-62,-63,-91,-89,-94,-89,-84,-88,-84,-104,-197,-183,-175,-194,-207,-147,-141,-125,-125,-115,-188,-55,-140,-107,-120,-47,-937,-941,-934,-953,-949,-952,-889,-843,-1418,-1395,-1379,-1362,-1200,-1316,-1189,-1023,-943,-560,-541,-441,-12833,-803,-12837,-870,-685,-359,-346,-350,-12843,-12843,-29997,-29998]} 1. Nf3 d5 2. g3 c6 3. Bg2 Bg4 4. h3 Bh5 5. O-O Nd7 6. d3 e6 7. Nbd2 Bd6 8. e4 Ne7 9. Qe1 O-O 10. b3 {A07: Réti Opening: New York and Capablanca Systems} a5 {LiveBook: 4 Games} (10... Bb4 11. g4 Bc3 12. Rb1 Bg6 13. Bb2 Qa5 14. Qc1 Rfd8 15. a3 Bxb2 16. Qxb2 dxe4 17. dxe4 Qc7 {0-1 (33) Mareco,S (2644)-Perez Ponsa,F (2594) Buenos Aires 2017}) 11. a4 Bb4 $146 ({Predecessor:} 11... Nc5 12. Bb2 Na6 13. Qe3 Nb4 14. Rfc1 h6 15. c3 Na6 16. c4 Nb4 17. cxd5 cxd5 {0-1 (28) Karasev,V (2377)-Kovacevic,V (2482) Rijeka 2011}) 12. Bb2 {The position is equal.} dxe4 13. dxe4 Qc7 14. Qe3 e5 15. g4 (15. Qg5 {looks sharper.} Bg6 16. Nh4 f6 17. Qg4 Bf7 18. Rfd1) 15... Bg6 16. Ba3 Bxa3 17. Rxa3 Rfd8 18. Qc3 f6 19. Raa1 Nf8 {[%cal Bd7f8,Bf8e6,Be6f4][%mdl 32]} 20. Rfd1 Ne6 21. Bf1 Nf4 22. Nh4 Rd4 23. Nhf3 Rd7 24. Re1 Kh8 25. Nc4 {[#]} Ned5 $1 {[%mdl 512]} 26. Qb2 (26. exd5 cxd5) 26... Nb4 27. g5 (27. Nh4 $17) 27... b5 28. axb5 cxb5 29. Na3 Bh5 30. Re3 Rc8 $36 {[%mdl 2048] Keeping White busy.} 31. Ne1 Rd2 ({Reject} 31... fxg5 $6 32. Nxb5 Qb8 33. Rxa5 $15) 32. Nxb5 (32. Bxb5 $17 Qb6 33. Bf1) 32... Qb6 (32... Qd7 $19 {Strongly threatening ...Be2.} 33. Na3 Be2) 33. Qa3 (33. Na3 $15 Bf7 34. Qc1) 33... fxg5 $17 34. Qxa5 Qf6 ({Better is} 34... Qc5 $1 $17 {[%cal Rc5f8] Hoping for ...Qf8.} 35. c3 Qf8) 35. f3 $2 {[%mdl 8192] [#]} ({Avoid the trap} 35. Qxb4 $2 Nxh3+ $1 {[%mdl 512]} 36. Kh2 Qxf2+ 37. Bg2 Qxe3 $19) (35. Nf3 $15 Bxf3 36. Qxb4) 35... Nxh3+ $1 $19 {[%mdl 512]} 36. Bxh3 Qf4 37. Ng2 {[#]} Rxg2+ $1 {[%mdl 512]} 38. Bxg2 (38. Kxg2 Bxf3+) 38... Qxe3+ 39. Kh1 Bxf3 40. Qa8 Bxg2+ 41. Kxg2 Qe2+ 42. Kg3 {[#]} Rg8 $1 (42... Qxc2 43. Nd6 $17) 43. Qb7 Qxc2 44. Ra8 {If only White now had time for Rxg8+....} Qxb3+ 45. Kg4 (45. Kh2 $142 Qc2+ 46. Kg3) 45... Qe6+ 46. Kxg5 {[#]} h6+ (46... h5 $142 $1 47. Rxg8+ (47. Kxh5 Qh3+) 47... Kxg8 48. Kxh5 Nd3 49. Qb8+ Kh7) 47. Kh4 Nd3 48. Rxg8+ Kxg8 49. Kg3 $2 (49. Qd5 g5+ 50. Kg3) 49... Nf4 {( -> ...Qh3+)} 50. Kf2 Qa2+ {Precision: White = 32%, Black = 63%.} 0-1

[Event "XVIII Najdorf Open 2018"]
[Site "Warsaw"]
[Date "2018.07.11"]
[Round "4"]
[White "Kaminski, Jan"]
[Black "Kowalski, Igor"]
[Result "0-1"]
[WhiteElo "2013"]
[BlackElo "2324"]
[Annotator "ChessBase"]
[PlyCount "142"]
[EventDate "2018.07.08"]
[EventCountry "POL"]
[SourceTitle "playchess.com"]
[Source "ChessBase"]
[SourceQuality "1"]

1. e4 d6 2. d4 g6 3. Nc3 Bg7 4. Be3 a6 5. Qd2 b5 6. O-O-O Bb7 7. f3 Nd7 8. h4 h5 9. Nh3 Ngf6 10. Kb1 Nb6 11. b3 b4 12. Ne2 a5 13. Nc1 Bxe4 14. fxe4 Nxe4 15. Bb5+ Nd7 16. Qd3 Nc3+ 17. Ka1 O-O 18. Bxd7 Qxd7 19. Ne2 Nxd1 20. Rxd1 Qg4 21. Bg5 e5 22. dxe5 dxe5 23. Kb1 Qxg2 24. Rg1 Qc6 25. Nf2 f5 26. Qd2 a4 27. Nd3 axb3 28. cxb3 f4 29. Nxb4 Qe4+ 30. Nc2 Qf5 31. Qd5+ Kh7 32. Nc3 f3 33. Ne4 Rae8 34. Ne3 Qe6 35. Qxe6 Rxe6 36. Rf1 Bh6 37. Nc4 Kg7 38. Kc2 Bxg5 39. Nxg5 Ref6 40. Nxe5 f2 41. Nd3 Re8 42. Kd2 Rd8 43. Ke3 Re8+ 44. Ne4 Rf5 45. Rxf2 Rxf2 46. Ndxf2 Kf7 47. a4 Ke6 48. Kd4 Rf8 49. a5 Kd7 50. Nd3 Kc6 51. Kc4 Kb7 52. b4 Rf3 53. Nec5+ Ka7 54. Kb5 g5 55. hxg5 h4 56. Ne5 Rg3 57. Ne4 Re3 58. Nc6+ Ka8 59. Nc5 h3 60. Na6 h2 61. Nxc7+ Kb7 62. Nd5 Ra3 63. Nd8+ Kc8 64. Ne6 h1=Q 65. Nb6+ Kb8 66. Nc5 Qf1+ 67. Kc6 Qg2+ 68. Kb5 Qxg5 69. a6 Qg2 70. Nba4 Ka7 71. Ka5 Qe2 0-1

[Event "XVIII Najdorf Open 2018"]
[Site "Warsaw"]
[Date "2018.07.11"]
[Round "4"]
[White "Harazinska, Magdalena"]
[Black "Gurvich, Vitaly"]
[Result "1-0"]
[WhiteElo "1997"]
[BlackElo "2274"]
[Annotator "ChessBase"]
[PlyCount "125"]
[EventDate "2018.07.08"]
[EventCountry "POL"]
[SourceTitle "playchess.com"]
[Source "ChessBase"]
[SourceQuality "1"]

1. d4 Nf6 2. c4 e6 3. Nc3 Bb4 4. f3 d5 5. a3 Bxc3+ 6. bxc3 c5 7. e3 Qc7 8. cxd5 exd5 9. Ne2 O-O 10. Ng3 h5 11. Qd3 h4 12. Ne2 b6 13. Kf2 Qd7 14. g3 Ba6 15. Qc2 Nc6 16. Nf4 Bxf1 17. Rxf1 Rac8 18. Qd3 Nd8 19. Bd2 Ne6 20. Qf5 Qd6 21. Qe5 Rfd8 22. gxh4 Nxf4 23. Qxd6 Rxd6 24. exf4 cxd4 25. cxd4 Rc2 26. Ke3 Ne8 27. Kd3 Rc4 28. Rac1 b5 29. Rce1 Nc7 30. f5 Ra6 31. Bb4 Rh6 32. Re7 Na6 33. Re8+ Kh7 34. Be7 b4 35. Rf8 Rc3+ 36. Kd2 Rc7 37. Rxf7 Kg8 38. Rf8+ Kh7 39. f6 gxf6 40. Bxf6 bxa3 41. Rg1 Rxf6 42. Rxf6 Nb4 43. Rf5 Kh6 44. Rf8 Kh7 45. Rb8 a5 46. Ra8 Rc2+ 47. Ke3 Rxh2 48. Rxa5 a2 49. Ra7+ Kh6 50. Kf4 Nc6 51. Ra8 Kh7 52. Rc1 Rxh4+ 53. Kg5 Rh6 54. Rxa2 Rg6+ 55. Kf4 Rf6+ 56. Kg3 Nxd4 57. f4 Rg6+ 58. Kf2 Rg4 59. Rc7+ Kg6 60. Ra6+ Kf5 61. Ke3 Ne6 62. Rf7+ Kg6 63. Re7 1-0

[Event "XVIII Najdorf Open 2018"]
[Site "Warsaw"]
[Date "2018.07.12"]
[Round "5"]
[White "Salem, AR Saleh"]
[Black "Aravindh, Chithambaram VR"]
[Result "1/2-1/2"]
[WhiteElo "2642"]
[BlackElo "2580"]
[Annotator "TA"]
[PlyCount "88"]
[EventDate "2018.07.08"]
[EventCountry "POL"]
[SourceTitle "playchess.com"]
[Source "ChessBase"]
[SourceQuality "1"]

{[%evp 20,88,27,0,0,0,13,0,14,9,22,42,42,37,36,1,43,46,79,62,72,74,70,-80,-81,-88,-77,-85,-76,-107,-107,-100,-92,-83,0,-33,0,-83,-68,-37,-33,-72,-15,-16,0,-92,0,-133,-141,-154,-148,-556,-114,-449,-274,-272,-261,-241,-252,-238,0,0,0,0,0,0,8,10,141,156,156]} 1. d4 d5 2. c4 c6 3. Nf3 Nf6 4. Nc3 dxc4 5. a4 e6 6. e3 c5 7. Bxc4 Nc6 {[%cal Bb8c6,Bc6b4,Bb4d5][%mdl 32]} 8. O-O cxd4 9. exd4 Be7 {D16: Damengambit (Slawische Verteidigung, Lasker/Smyslow-Variante)} 10. Be3 (10. Qe2 O-O 11. Rd1 Nd5 12. Qe4 Nf6 13. Qh4 Nd5 14. Qe4 Nf6 15. Qh4 Nd5 16. Qg3 Bd6 17. Qh3 {½-½ (40) Gelfand,B (2695)-Dubov,D (2696) Sochi 2018}) 10... O-O 11. Qe2 {LiveBook: 20 Partien} Nd5 {Die Stellung ist ausgeglichen.} 12. Rad1 Ncb4 13. Ne5 Bd7 14. f4 Nxc3 $146 ({Vorgänger:} 14... Rc8 15. Rf3 Nxc3 16. bxc3 Nd5 17. Rh3 Bxa4 {0-1 (34) Ozolin,M (2373)-Kozionov,K (2208) Izhevsk 2011}) 15. bxc3 Nd5 16. Rd3 Rc8 17. Qa2 Bf6 18. Bd2 Qc7 19. Bb3 b5 20. Nxd7 Qxd7 {[#]} 21. axb5 (21. f5 $1 $14 {[%mdl 512] bleibt weiter vorne.}) 21... Nxc3 $1 $17 22. Rxc3 {Und weiter mit Tc6 wäre nett.} Bxd4+ 23. Re3 Qxb5 {Droht stark ...Tc3!} 24. Rfe1 Rb8 $1 {[%mdl 1024] Schwarz hat starke Kompensation.} 25. Bc4 Qc5 $1 26. Bb3 Qb5 27. Bc4 Qc5 28. Bb3 $1 Rfd8 $36 {[%mdl 2048] Weiss steht unter Druck.} 29. Kf1 Bxe3 30. Rxe3 Qd4 (30... h6 $17 31. Re2 Rd3) 31. Re2 $11 g6 32. h3 {[#]} (32. Qa4 $1 $11) 32... Rdc8 ({Besser ist} 32... a5 $1 $17 {[%mdl 512]}) 33. Re3 (33. Be3 $11 {bleibt in der Remisbreite.} Qc3 34. Bd1) 33... Qxf4+ $17 34. Rf3 Qd4 35. Bg5 $2 {[%mdl 8192] [#]} (35. Ke2 $17 {ist eine bessere Chance.}) 35... Rb5 $2 (35... Rc3 $1 $19 36. Rxc3 Qxc3 37. Bxe6 Qd3+ 38. Kg1 Qd4+ 39. Kh1 Qd1+ 40. Kh2 Qd6+ 41. Kg1 Qxe6) 36. Qa6 $2 {[%mdl 8192]} (36. Qd2 $17 Qxd2 37. Bxd2) 36... Rbc5 {( -> ...Tc1+!)} 37. Be3 {[#]} Rc1+ $1 {[%mdl 512]} 38. Kf2 {[#]} (38. Bxc1 Rxc1+) 38... Qh4+ $1 39. g3 R8c2+ $2 ({Lieber} 39... Qxh3 $19 {[%cal Rh3h2]} 40. Bxc1 Rxc1) 40. Bxc2 $11 Rxc2+ 41. Kg1 $1 Qxh3 {[%csl Gc2][%cal Rh3g2] [#]} 42. Bd2 $1 {[%mdl 512]} Qg4 (42... Rxd2 43. Qc8+) 43. Qb7 Qxf3 (43... f6 $11 {hält das Gleichgewicht.} 44. Qa8+ Kf7 45. Qxa7+ Ke8 46. Qb8+ Kf7 47. Qb7+ Kg8) 44. Qxf3 $16 {Weiss droht Lh6 und Matt.} Rxd2 {Precision: Weiß = 46%, Schwarz = 40%.} 1/2-1/2

[Event "XVIII Najdorf Open 2018"]
[Site "Warsaw"]
[Date "2018.07.12"]
[Round "5"]
[White "Tomczak, Jacek"]
[Black "Ostrovskiy, Andrey"]
[Result "1-0"]
[WhiteElo "2600"]
[BlackElo "2431"]
[Annotator "TA"]
[PlyCount "163"]
[EventDate "2018.07.08"]
[EventCountry "POL"]
[SourceTitle "playchess.com"]
[Source "ChessBase"]
[SourceQuality "1"]

{[%evp 30,163,44,20,31,21,14,22,24,27,47,47,47,45,48,45,49,18,21,14,50,44,34,28,14,-52,-45,-44,-16,-44,0,0,13,8,24,0,0,-51,-16,-104,10,16,0,43,53,7,7,16,126,-28,-27,-65,-64,-64,-61,-225,0,-382,-69,-110,0,0,0,0,0,16,0,0,0,0,50,54,97,47,92,85,97,54,59,59,71,70,180,166,216,104,97,107,4547,1034,8117,7431,8849,7567,7504,7504,6614,0,6390,6390,5289,4870,4844,4830,6079,4919,6246,6123,5136,1921,1681,1529,3267,2744,1677,656,1541,1130,5585,5497,5674,5696,5696,5674,5696,5681,5601,5613,5481,5258,5077,5310,4108,2716,2210,1962]} 1. e4 e5 2. Nf3 Nc6 3. Bb5 a6 4. Ba4 Nf6 5. O-O Be7 6. Re1 b5 7. Bb3 d6 8. c3 O-O 9. h3 h6 10. d4 Re8 11. Nbd2 {[%cal Bb1d2,Bd2f1,Bf1g3][%mdl 32]} Bf8 12. Nf1 Bd7 13. Ng3 Na5 14. Bc2 c5 15. d5 Nc4 {C93: Closed Ruy Lopez: Smyslov Variation} 16. Nh2 {LiveBook: 7 Games} (16. a4 Nb6 17. a5 Nc4 18. b4 Nh7 19. Bd3 Rc8 20. Bxc4 bxc4 21. Be3 cxb4 22. cxb4 g6 23. Qc1 h5 24. Ra3 h4 25. Nf1 f5 26. N1d2 fxe4 27. Nxe4 {½-½ (52) Navara,D (2710)-Azarov,S (2618) Czechia 2013}) 16... Nb6 17. Qf3 g6 {The position is equal.} 18. b3 Bg7 19. Be3 Qe7 20. Nhf1 a5 21. a4 $146 ({Predecessor:} 21. Nd2 Reb8 22. Qe2 Qe8 23. Rec1 {1-0 (67) Zhaparov,R (2338)-Baranowski,T (2371) ICCF email 2015}) 21... bxa4 22. bxa4 Reb8 23. Reb1 Nc4 24. Bc1 Qd8 25. Rxb8 Rxb8 26. Qe2 Nb6 $1 27. f4 (27. Ne3 $11) 27... exf4 28. Bxf4 Ne8 29. Qd3 Qf6 30. Ne2 Nc7 31. Rb1 $36 {[%mdl 2048] next Nd2 is good for White. White has good play.} Bc8 32. Qg3 Ne8 33. Bd3 (33. Nd2 $11) 33... Bd7 34. Nd2 (34. Bc2 $11) 34... Qd8 (34... g5 $17 35. e5 Qd8) 35. Bxd6 $11 Nxd6 36. Qxd6 Bf8 37. Qf4 Bxa4 38. e5 c4 (38... Qxd5 $11 39. Bc4 Nxc4 $1 {[%mdl 512]} 40. Rxb8 Qxd2 41. Qxc4 Qe3+ 42. Kf1 Bd1) 39. Bxc4 $2 (39. e6 $1 $16 cxd3 40. Qxf7+ Kh8 41. Nf4) 39... Nxc4 40. Rxb8 $1 ({Wrong is} 40. Qxc4 $2 Rxb1+ 41. Nxb1 Qb6+ 42. Kh2 Bb5 $19) 40... Qxb8 41. Nxc4 Bb5 $1 {...Qc7 is the strong threat.} 42. Kf1 $2 (42. d6 $15) 42... Bc5 $2 (42... a4 $1 $19 43. d6 Bxc4 44. Qxc4 Qb1+ 45. Kf2 a3) 43. Nxa5 $2 {[%mdl 8192]} (43. Nd6 $1 $11 {and White stays safe.} Bxd6 44. exd6) 43... Bd3 $2 (43... Ba6 $1 $19 {( -> ...Qb1+)} 44. Ke1 (44. c4 $2 Qb1+ 45. Qc1 Qf5+ 46. Qf4 Qd3 $19) 44... Qb5) 44. Ke1 $1 $15 Qb5 ({Better is} 44... Qb1+ $1 $17 45. Nc1 g5) 45. Nc1 $11 Qxa5 46. Nxd3 {Hoping for Qc4.} Qxc3+ 47. Qd2 Qa1+ 48. Qd1 Qc3+ 49. Ke2 Bb6 50. Qa4 Kg7 51. e6 Qc7 52. exf7 Qe7+ 53. Kd1 {aiming for Qa1+.} (53. Kd2 {with more complications.} Qxf7 54. Qe4 Bc7 55. Qd4+ Kg8 56. Ke2) 53... Qxf7 54. Qe4 Qf6 55. Kc2 g5 (55... Bc7 $14) 56. Qe5 Kf7 57. Qxf6+ (57. Kb3 $1 $18 {is the precise move to win.}) 57... Kxf6 $18 {[%mdl 4096] Endgame KB-KN} 58. g4 Bc7 $2 {[%mdl 8192]} (58... h5 $16) 59. Kc3 (59. Kb3 $142 h5 60. Kc4 (60. gxh5 Kg7 $11)) 59... Ke7 60. Kd4 Kd6 61. Ke4 Ke7 62. Ne5 Kf6 63. Nd3 $2 ({White should try} 63. Nc4 $18 {Threatens to win with d6.} Bh2 64. Ne3) 63... Bd6 $2 {[%mdl 8192]} (63... Ke7 $11) 64. Nb2 {White is clearly winning.} Ba3 65. Nc4 Bc5 66. Na5 Bd6 67. Nc6 Bc5 68. Nd4 Bd6 69. Nc2 (69. Nf3 $142 Bc5 70. Nd4) 69... Bc5 {[#]} 70. Ne1 $1 {[%cal Re1f3]} Bb4 {[#]} 71. Nf3 $1 {[%cal Rf3d4]} Bc5 72. Ne5 (72. Kd3 $142 Ke7 73. Nd4) 72... Bd6 73. Nd3 Ba3 74. Kd4 Bd6 75. Kc4 Ke7 76. Kb5 Kd7 77. Nc5+ Kc7 78. Ne6+ Kd7 79. Ng7 Be7 80. Nf5 Bf8 81. Kc4 Ba3 82. Nxh6 {Precision: White = 46%, Black = 34%.} 1-0

[Event "XVIII Najdorf Open 2018"]
[Site "Warsaw"]
[Date "2018.07.12"]
[Round "5"]
[White "Mista, Aleksander"]
[Black "Bartel, Mateusz"]
[Result "1-0"]
[WhiteElo "2595"]
[BlackElo "2602"]
[Annotator "TA"]
[PlyCount "101"]
[EventDate "2018.07.08"]
[EventCountry "POL"]
[SourceTitle "playchess.com"]
[Source "ChessBase"]
[SourceQuality "1"]

{[%evp 18,101,23,22,20,0,21,0,18,-31,-25,-27,-31,-14,-5,-10,-33,-43,-34,-47,-39,-42,-24,-10,24,32,58,0,0,0,0,6,20,0,0,0,0,0,0,-25,-27,-51,-9,-37,-22,-14,0,5,22,0,0,0,0,0,177,198,160,158,203,196,178,181,182,179,384,363,370,363,329,329,329,329,425,425,425,425,425,384,384,322,29957,29957,29983,29984,29984,29985]} 1. e4 e6 2. d4 d5 3. Nd2 Be7 4. Ngf3 Nf6 5. Bd3 c5 6. e5 Nfd7 7. c3 Nc6 8. O-O g5 9. dxc5 Ndxe5 {C06: French Tarrasch: 3...Nf6 4 e5 Nfd7 5 Bd3 main lines} 10. Bc2 {LiveBook: 3 Games} (10. Nxe5 Nxe5 11. Nb3 Nxd3 12. Qxd3 f6 13. f4 gxf4 14. Bxf4 e5 15. Bh6 Rg8 16. Qxh7 Be6 17. Bg7 {0-1 (32) Libiszewski,F (2540)-Sadler,M (2687) England 2018}) 10... Ng6 11. b4 O-O {The position is equal.} 12. Re1 $146 ({Predecessor:} 12. Nb3 f5 {½-½ (12) Oratovsky,M (2461)-Plazuelo Pascual,J (2384) Utebo 2018}) 12... f5 13. Nb3 g4 14. b5 gxf3 15. bxc6 bxc6 16. Qxf3 e5 17. Bh6 Rf7 18. Rad1 Bg5 19. Qh5 Bxh6 20. Qxh6 Qf8 (20... Qe7 {looks sharper.} 21. Re3 a5 22. a4 e4 23. Rg3 Bd7) 21. Qxf8+ Kxf8 22. c4 (22. f4 $14) 22... Be6 $11 23. Na5 Rc7 $1 24. Bb3 {[%cal Rc4d5]} d4 {[#]} 25. f4 $1 {[%mdl 512]} e4 ({Much weaker is} 25... Nxf4 $6 26. Rxe5 Re8 27. Rxd4 $16) (25... exf4 26. Rxe6) 26. Rxd4 Nxf4 27. Rd6 {aiming for Rf1.} Bd7 28. Ba4 Nd3 29. Rf1 {[%cal Ra4c6]} Rac8 30. g4 Ke7 31. Rh6 Nxc5 32. Rxh7+ Kf6 33. Bxc6 Rxc6 34. Nxc6 Rxc6 35. Rh6+ Kg7 $2 (35... Ke5 $11 {and Black has nothing to worry.} 36. Rxc6 Bxc6 37. Rxf5+ Kd4) 36. Rxc6 $18 Bxc6 37. Rxf5 Nd3 {intending ...e3.} 38. Kf1 Bd7 39. Ra5 Be6 {[#]} 40. Ke2 $1 Nb2 $2 (40... Bxg4+ 41. Ke3 Bf3 42. Rxa7+ Kf6) 41. Rxa7+ Kf6 {[#]} 42. Ke3 $1 Nxc4+ 43. Kxe4 Bxg4 44. a4 Kg5 45. Rg7+ Kh5 {[#]} 46. a5 $1 {[%mdl 512]} Nxa5 47. Kf4 Bd1 48. Rg5+ Kh4 $2 (48... Kh6 $18 49. Rxa5 Kg6 50. Rg5+ Kh6) 49. Rxa5 {White mates.} Kh3 50. Rd5 Be2 51. Rd8 {Precision: White = 66%, Black = 56%.} 1-0

[Event "XVIII Najdorf Open 2018"]
[Site "Warsaw"]
[Date "2018.07.12"]
[Round "5"]
[White "Bernadskiy, Vitaliy"]
[Black "Lewtak, Damian"]
[Result "1/2-1/2"]
[WhiteElo "2586"]
[BlackElo "2358"]
[Annotator "TA"]
[PlyCount "51"]
[EventDate "2018.07.08"]
[EventCountry "POL"]
[SourceTitle "playchess.com"]
[Source "ChessBase"]
[SourceQuality "1"]

{[%evp 21,51,0,31,24,45,35,100,70,64,8,81,58,72,72,137,118,153,145,179,-1,0,0,0,0,0,0,0,0,0,0,0,0]} 1. e4 e6 2. d4 d5 3. e5 c5 4. c3 Nc6 5. Nf3 Qb6 6. Be2 Nh6 7. b3 cxd4 8. cxd4 Nf5 9. Bb2 Bb4+ 10. Kf1 Be7 11. h4 {C02: French: Advance Variation} h5 {LiveBook: 3 Games} 12. Nc3 {[%cal Bb1c3,Bc3a4,Ba4c5][%mdl 32]} (12. Bd3 Nb4 13. Bxf5 exf5 14. Kg1 Qa6 15. Ne1 Be6 16. a3 Nc6 17. Nd3 Qb6 18. Nf4 g5 19. hxg5 Bxg5 20. Rxh5 {1-0 (60) Damljanovic,B (2539)-Tadic,B (2489) Ulcinj 2014}) 12... g6 13. g3 {White is slightly better.} f6 (13... Bd7 $14) 14. Na4 Qd8 $146 ({Predecessor:} 14... Qc7 15. exf6 Bxf6 16. Rc1 O-O 17. Kg2 Qg7 18. Rxc6 bxc6 19. Qd2 Nd6 20. Nc5 Ne4 21. Nxe4 dxe4 22. Ne5 c5 23. Qa5 cxd4 24. Bxd4 Bb7 25. Re1 Rfd8 {0-1 (25) Krawczuk,M (2045)-Shaw,D (2240) Hinckley Island 2009}) 15. Kg2 (15. exf6 $14 Bd6 16. Kg2) 15... O-O {[%cal Bh8f8,Bf8f7,Bf7f2][%mdl 32]} (15... fxe5 $11 {keeps the balance.} 16. dxe5 (16. Nxe5 Nxe5 17. dxe5 O-O $11) 16... b6) 16. Bb5 Bd7 17. exf6 Bxf6 (17... Rxf6 $142 18. Nc5 Bxc5 19. dxc5 d4) 18. Nc5 $16 Rf7 19. Re1 Qe7 20. Ba3 $2 {[#]} (20. Bxc6 $18 bxc6 21. Qc2) 20... Nfxd4 $11 {The position is equal.} 21. Nxd4 Bxd4 22. Bxc6 $1 Bxc5 23. Bxd7 {[#] Black must now prevent Bxc5.} Rxf2+ 24. Kh1 Bxa3 25. Bxe6+ Kg7 {Threatens to win with ...Qf6.} 26. Qd4+ $1 {Precision: White = 50%, Black = 33%.} 1/2-1/2